Statystyki dla Najpopularniejsze Piosenki Toma Odella

Kliknij tutaj aby rozwiązać quiz!

Ogólne statystyki

  • Ten quiz został rozwiązany 15 razy
  • Średni wynik to 16 z 25

Statystyki odpowiedzi

HintOdpowiedź% Poprawnych
897 mlnAnother Love
100%
4,3 mlnBlack Friday
83%
1,2 mlnFlying :))
83%
31 mlnGrow Old With Me
83%
1,4 mlnBest Day Of My Life
67%
34 mlnCan't Pretend
67%
6,3 mlnConcrete
67%
2,3 mlnHeal
67%
6,5 mlnHere I Am
67%
11 mlnHold Me
67%
33 mlnI Know
67%
13 mlnMagnetised
67%
1 mlnnumb
67%
7,9 mlnSense
67%
7,5 mlnSomehow
67%
6,4 mlnWrong Crowd
67%
1,1 mlnButterfiels
50%
7,3 mlnHalf As Good As You
50%
4,6 mlnIf You Wanna Love Somebody
50%
1,6 mlnJealousy
50%
7,8 mlnReal Love
50%
6,1 mlnSilhouette
50%
5,9 mlnTrue Colors
50%
2,9 mlnGo Tell Her Now
33%
1,9 mlnJubilee Road
33%

Rozkład punktacji

Percentyl według liczby udzielonych odpowiedzi

Procent ludzi z każdym wynikiem

Twoja historia wyników

Nie rozwiązałeś tego quizu